000 00525cam a2200193ua 4500
001 790
005 20260515113227.0
008 110420n ii |||gr||||Z||||||eng
040 _cMAIN
082 _a320.5
245 1 _aGreat political thinkers. :
_bEast & west. /
_cBy Ram Chandra Gupta.
250 _a5th.
260 _aNew Delhi.:
_bLakhmi Narayan prakashan.,986.
300 _axi, 537 p.:
_c24 cm.
653 _aPolitical science.
653 _aGreat political thinkers.
700 _aGupta, Ram Chandra.,
942 _cBK
999 _c716
_d716